Reducing local capacity bias in government grantsmanship (Record no. 509901)

000 -LEADER
fixed length control field 01805nam a2200181 4500
008 - FIXED-LENGTH DATA ELEMENTS--GENERAL INFORMATION
fixed length control field 190628b ||||| |||| 00| 0 eng d
100 ## - MAIN ENTRY--PERSONAL NAME
Personal name Sprague, Mary
245 ## - TITLE STATEMENT
Title Reducing local capacity bias in government grantsmanship
260 ## - PUBLICATION, DISTRIBUTION, ETC. (IMPRINT)
Date of publication, distribution, etc 2019
300 ## - PHYSICAL DESCRIPTION
Extent p.174-188.
520 ## - SUMMARY, ETC.
Summary, etc Local governments with more fiscal and administrative resources are at an advantage for obtaining numerous intergovernmental grants. Although many studies have examined the impact of this local capacity bias on grant getting, there has been minimal research on how grant programs could reduce it. We evaluate the effectiveness of two actions that federal and state grant programs have taken to decrease local capacity bias for economically disadvantaged communities, providing matching fund waivers and preferential scoring. By analyzing grant application, evaluation, and award data for California’s Integrated Regional Water Management Program, we find that matching fund waivers were used by many disadvantaged communities in the grant program. However, awarding extra points to projects that would benefit disadvantaged communities appeared to have no impact on funding decisions due to the extra points being small in number and widely distributed. We discuss how the provisions’ design affects their efficacy and how generalizable the findings are to other grant programs. Overall, our study provides support for having grant programs include matching fund waivers and carefully designed scoring preferences to help reduce local capacity bias in grantsmanship. - Reproduced.
650 ## - SUBJECT ADDED ENTRY--TOPICAL TERM
Topical term or geographic name as entry element Intergovernmental grants
9 (RLIN) 6662
700 ## - ADDED ENTRY--PERSONAL NAME
Personal name Wilson, Kate F.
9 (RLIN) 6663
700 ## - ADDED ENTRY--PERSONAL NAME
Personal name Cain, Bruce E.
9 (RLIN) 6664
773 ## - HOST ITEM ENTRY
Main entry heading American Review of Public Administration
906 ## - LOCAL DATA ELEMENT F, LDF (RLIN)
Subject DIP Local government
942 ## - ADDED ENTRY ELEMENTS (KOHA)
Source of classification or shelving scheme
Item type Articles
Holdings
Withdrawn status Lost status Source of classification or shelving scheme Damaged status Not for loan Permanent location Current location Date acquired Serial Enumeration / chronology Barcode Date last seen Koha item type
          Indian Institute of Public Administration Indian Institute of Public Administration 2019-06-28 49(2), Feb, 2019: p.174-188. AR120002 2019-06-28 Articles

Powered by Koha